000 00572nam a2200181 i 4500
001 70503
003 ES-MaACL
005 20230906170833.0
007 t|
008 040727s1968 sp ||||1| spa d
100 1 _aGarcía de Vargas, Ricardo.
_954498
245 1 0 _aAlgunas notas sobre Godella /
_cpor Ricardo García de Vargas.
260 _a[Valencia] :
_bAyuntamiento de Godella,
_c1968.
300 _a134 p., 16 lám. :
_bil. ;
_c21 cm.
710 2 _aGodella.
_bAyuntamiento.
_94474
852 _aES-MaACL
_jC-49877
_bR.67515
852 _aES-MaACL
_jC-48525
_bR.67099
999 _c70503
_d70503